| 000 | 00969cam a2200265 4500 | ||
|---|---|---|---|
| 001 | ABS62668 | ||
| 008 | 000000n2000 000 0 eng u | ||
| 035 | _a(Sirsi) u107328 | ||
| 100 | _aClark, A. | ||
| 245 | _aChallenging the farming paradigm | ||
| 260 | _c2000 | ||
| 490 |
_aLandscape Design _v(292) July/August 2000, 18-20(3) |
||
| 520 | _aFarmers are being encouraged to diversify in order to move away from subsidy dependence. Looks at the impact of Rural Development Regulation in the UK, and data from MAFF and the NFU which confirm the importance of non-agricultural sources of income for farmers. Tables. References. | ||
| 590 | _aABS | ||
| 650 | _aMAFF | ||
| 650 | _aNATIONAL FARMERS UNION | ||
| 650 | _aRURAL DEVELOPMENT REGULATION | ||
| 650 | _aDIVERSIFICATION | ||
| 650 | _aEUROPEAN UNION | ||
| 650 | _aAGENDA 2000 | ||
| 650 | _aCOUNTRYSIDE STEWARDSHIP | ||
| 650 | _aFARMERS | ||
| 690 | _aRURAL-FARM BUSINESS MANAGEMENT | ||
| 942 | _n0 | ||
| 999 |
_c64168 _d64168 |
||